000 nam a22 a 4500
999 _c334430
_d334430
003 BLK
005 20201007040619.0
008 190909b bu ||||| |||| 00| 0 bu d
020 _a9786197115048
040 _aBLK
041 _aBUL
_cBUL
080 _aАнглийска литература
_b821.111
_x-311.9
_z821.111-311.9
100 _aБарнс, Ейдриън
_eпърви автор
_91299
245 _aНод
_cЕйдриън Барнс ; прев. от англ. Борислав Стефанов
260 _9209856
_aСофия
_bЕкслибрис
_c2014
_f[София] : [Миг принт]
300 _a280 с.
_c20 см
380 _aX
500 _aОриг. загл.: Nod / Adrian Barnes
700 _91021
_aСтефанов, Борислав Бориславов
_eпрев. от англ.
942 _cKNG
_n0
_s1
944 _aCR
_c2019-09-09
_kВ.Р